| 000 | 01521cam a22003617a 4500 | ||
|---|---|---|---|
| 001 | 14192105 | ||
| 005 | 20081015072720.0 | ||
| 008 | 051207s2006 nyua b 001 0 eng d | ||
| 010 | _a2005938359 | ||
| 016 | 7 |
_a977491544 _2GyFmDB |
|
| 020 | _a0387251162 (hd. bd.) | ||
| 020 | _a9780387251165 | ||
| 035 | _a(OCoLC)ocm70132444 | ||
| 035 | _a(OCoLC)70132444 | ||
| 040 |
_aOHX _cOHX _dKSU _dIXA _dYDXCP _dOCLCQ _dBAKER _dDLC |
||
| 042 | _alccopycat | ||
| 050 | 0 | 0 |
_aTK2931 _b.S75 2006 |
| 072 | 7 |
_aTK _2lcco |
|
| 082 |
_222 _a621.312429 _bSRI |
||
| 100 | 1 |
_aSrinivasan, S. _q(Supramaniam), _d1932- _97199 |
|
| 245 | 1 | 0 |
_aFuel Cells : _bFrom Fundamentals to Applications / _cSupramaniam Srinivasan. |
| 260 |
_aNew York : _bSpringer, _cc2006. |
||
| 300 |
_axxx, 691 p. : _bill. ; _c25 cm. |
||
| 504 | _aIncludes bibliographical references and index. | ||
| 650 | 0 |
_aFuel cells _xTextbooks. _97200 |
|
| 650 | 0 |
_aElectrochemistry _xTextbooks. _97201 |
|
| 856 | 4 | 2 |
_3Publisher description _uhttp://www.loc.gov/catdir/enhancements/fy0663/2005938359-d.html |
| 856 | 4 | 1 |
_3Table of contents only _uhttp://www.loc.gov/catdir/enhancements/fy0824/2005938359-t.html |
| 942 |
_2ddc _cBB |
||
| 999 |
_c12106 _d12106 |
||